التذكير والتانيث فى اللغة : مع تحقيق رسالة ابى موسى الحامض فى المذكر والمؤنث، ٣٠٥ هجرية

محفوظ في:

المؤلف الرئيسي: Abdel Tawab, Ramadan..

التنسيق: كتاب

اللغة: Undetermined

منشور في: Miṣr : matbaeat jamieat aiyn shams, 1967.

الموضوعات:

الوسوم: إضافة وسم

لا توجد وسوم, كن أول من يضع وسما على هذه التسجيلة!

رقم الطلب: (P)PJ6131 .A3

LEADER 00611nam a2200157Ia 4500
008 240329s9999||||xx |||||||||||||| ||und||
050 4 |a (P)PJ6131 .A3 
100 1 |a Abdel Tawab, Ramadan.. 
245 1 0 |a التذكير والتانيث فى اللغة : مع تحقيق رسالة ابى موسى الحامض فى المذكر والمؤنث، ٣٠٥ هجرية  |c Abdel Tawab, Ramadan. 
264 1 |a Miṣr :  |b matbaeat jamieat aiyn shams,  |c 1967. 
300 |a 35  |c 25 
500 |a العنوان على الغلاف 
650 |a Arabe (Langue) Genre 
650 |a Arabic language Gender 
942 |2 lcc  |c BK 
999 |c 57800  |d 57800